000 00767nam a2200289Ia 4500
005 20260324142514.0
008 008 260324s9999 xx 000 0 eng d
020 _a9780203777244
037 _aEBOOK
040 _aCRL
040 _beng
040 _cCRL
041 _2eng
041 _aeng
084 _qCRL
100 _aClare Haynes-Seman; David Baumgarten
_91212185
245 0 _aChildren Speak For Themselves
245 0 _bUsing The Kempe Interactional Assessment To Evaluate Allegations Of Parent- child sexual abuse
260 _bTaylor and Francis
260 _c1994
365 _a
365 _b46.99
856 _uhttp://www.taylorfrancis.com/books/9780203777244
942 _cEBOOK
999 _c1816462
_d1816462